00566 2200217 4500001002100000005001500021035002000036007000300056008004100059020001800100082001100118084001700129100001900146245005200165260004900217300003300266250001100299700001800310990000900328990001100337INLIS00000000000944220211208013240 a0010-1021000026ta211208 g 0 ind  a9786021894248 a333.79 a333.79 NUG e0 aNUGRAHA, Tutun1 aEnergi Surya /cTutun Nugraha dan Didik Sunardi aJakarta :bPT. Pelangi Ilmu Nusantara,c2013 av, 67 hlm. ;c20.5 x 29.5 cm aCet. 20 aDidik Sunardi a3729 a3729 A